Introduction to mathematical control theory

Αποθηκεύτηκε σε:
Λεπτομέρειες βιβλιογραφικής εγγραφής
Κύριος συγγραφέας: Barnett, S.
Άλλοι συγγραφείς: Cameron, R. G.
Μορφή: Βιβλίο
Γλώσσα:English
Δημοσίευση: Oxford : New York : Clarendon Press, Oxford University Press, 1985
Έκδοση:2nd ed
Σειρά:Oxford applied mathematics and computing science series
Θέματα:
Ετικέτες: Προσθήκη ετικέτας
Δεν υπάρχουν, Καταχωρήστε ετικέτα πρώτοι!

MARC

LEADER 00000cam a2200000 i 4500
001 1/27395
008 941103s1985 eng d
020 |a 0198596405  |c $27.95 (U.S.) 
020 |a 0198596391  |c $13.95 (U.S.) 
035 |l 10037816 
035 |a 1992  |c ΔΩΡΕΑ 
040 |a GR-MY-UA  |b gre  |e aacr 
041 0 |a eng 
082 0 |a 629.8312  |2 (19) 
100 1 |a Barnett, S. 
245 1 0 |a Introduction to mathematical control theory /  |c S. Barnett and R.G. Cameron 
250 |a 2nd ed 
260 |a Oxford :   |a New York :   |b Clarendon Press,   |b Oxford University Press,   |c 1985 
300 |a xi, 404 p.;  |b ill.;  |c 23 cm 
490 1 |a Oxford applied mathematics and computing science series 
500 |a Includes index 
504 |a Bibliography: p. [379]-382 
650 0 0 |a Control theory. 
700 1 |a Cameron, R. G. 
830 0 |a Oxford applied mathematics and computing science series 
852 |a INST  |b SAMOS  |e 19941103  |h 629.8312 BAR  |p 005300000895  |q 005300000895  |t BK  |y 0 
852 |a INST  |b SAMOS  |e 19941103  |h 629.8312 BAR  |p 005300004510  |q 005300004510  |t BK  |y 0 
909 |a Σ  |b 021134 
909 |a Σ  |b 022497